Wish You Were Here (Record no. 3324)

MARC details
000 -LEADER
fixed length control field 00399nam a22001457a 4500
008 - FIXED-LENGTH DATA ELEMENTS--GENERAL INFORMATION
fixed length control field 250506b |||||||| |||| 00| 0 eng d
020 ## - INTERNATIONAL STANDARD BOOK NUMBER
ISBN 9781473692541
100 ## - MAIN ENTRY--AUTHOR
Author Picoult Jodi
245 ## - TITLE STATEMENT
Title Wish You Were Here
260 ## - PUBLICATION, DISTRIBUTION, ETC. (IMPRINT)
Place of publication London
Name of publisher Hodder & Stoughton
Date of publication 2021
300 ## - COLLATION
Pagination 321p.
650 ## - TRACINGS
Main Subject Novel
Subdivision (1st) Resilience of a Man's Spirit in a Moment Of Crisis
942 ## - ADDED ENTRY ELEMENTS (KOHA)
Item type Books
050 ## - LIBRARY OF CONGRESS CALL NUMBER
Classification number PS3566.I372
Item number .W57
Holdings
Source of classification or shelving scheme Not for loan Permanent location Current location Date acquired Accession No. Full call number Barcode. Koha item type
Library of Congress Classification   Samuel Ogbemudia Main Library, University of Abuja Samuel Ogbemudia Main Library, University of Abuja 05/06/2025 2024/63641 PS3566.I372.W57 2025-1781 Books